Statistics for U.S. Counties with the Largest GDPs

Click here to take the quiz!

General Stats

  • This quiz has been taken 22 times
  • The average score is 14 of 20

Answer Stats

StateCounty/County-equivalentGDP (millions of US$)% Correct
CaliforniaLos Angeles726,943
91%
CaliforniaOrange233,323
91%
New YorkNew York635,275
86%
CaliforniaCity and County of {San Francisco}178,506
82%
WashingtonKing294,330
82%
IllinoisCook366,933
77%
TexasDallas242,959
77%
District of Columbia123,929
73%
GeorgiaFulton159,932
73%
CaliforniaSan Diego222,273
73%
CaliforniaAlameda129,709
68%
TexasHarris380,948
68%
ArizonaMaricopa229,821
68%
FloridaMiami-Dade151,587
68%
MinnesotaHennepin125,836
64%
MassachusettsMiddlesex163,489
59%
CaliforniaSan Mateo121,697
59%
CaliforniaSanta Clara318,100
59%
MassachusettsSuffolk114,697
50%
TexasTravis112,945
45%

Score Distribution

Percentile by Number Answered

Percent of People with Each Score

Your Score History

You have not taken this quiz